The language of evaluation : appraisal in English

Αποθηκεύτηκε σε:
Λεπτομέρειες βιβλιογραφικής εγγραφής
Κύριος συγγραφέας: Martin, J. R.
Άλλοι συγγραφείς: White, P. R. R. (Peter Robert Rupert) 1956-
Μορφή: Βιβλίο
Γλώσσα:English
Δημοσίευση: New York : Palgrave Macmillan, 2005
Θέματα:
Ετικέτες: Προσθήκη ετικέτας
Δεν υπάρχουν, Καταχωρήστε ετικέτα πρώτοι!

MARC

LEADER 00000nam a2200000 i 4500
001 1/63557
008 071119s2005 eng d
020 |a 978-1-4039-0410-2 
035 |l 10092387 
040 |a GR-MY-UA  |b gre  |e aacr 
041 0 |a eng 
082 0 |a 420.143  |2 (22) 
100 1 |a Martin, J. R. 
245 1 4 |a The language of evaluation :  |b appraisal in English /  |c J.R. Martin and P.R.R. White 
260 |a New York :   |b Palgrave Macmillan,   |c 2005 
300 |a 278 σ.;  |c 22 εκ. 
504 |a Περιλαμβάνει βιβλιογραφίες 
650 0 0 |a English language  |x Semantics. 
650 0 0 |a English language  |x Usage. 
700 1 |a White, P. R. R. (Peter Robert Rupert)  |d 1956- 
852 |a INST  |b RHODES  |e 20071119  |h 420.143 MAR  |p 005400025133  |q 005400025133  |t BK  |y 0 
901 |a BIBL4-2007-3 
909 |a Ρ  |b 140335 
922 |a 4ΕΛΗ  |b 200711  |c ΕΠΕΑΕΚ2/ΤΜΣ  |d ΠΑΠΑΣΩΤΗΡΙΟΥ 
970 |a ΜΙΣΣΟΣ  |b ΣΤΑΥΡΟΣ  |z 2007/11/19